000 00527 a2200181 4500
999 _c1958
_d1958
020 _a9780028009902
050 _aHF5712.CLA 1999
100 _aClark., R Lyn
245 _aBusiness English and communication/
_cLyn R Clark., Kenneth Zimmer and Joseph Tinervia
250 _a8th ed
264 _aNew York:
_bMcGraw hill.,
_c1991
300 _axix., 524pgs
500 _alncludes index
650 _abusiness communication
700 _aKenneth Zimmer
700 _aJoseph Tinervia
942 _2lcc
_cBK
_e8th ed
_h5712
_iCLA
_kHF